| 000 | 00862nam a2200241 a 4500 | ||
|---|---|---|---|
| 999 |
_c2403 _d2403 |
||
| 001 | 2403 | ||
| 003 | BD-JhCC | ||
| 005 | 20171101213056.0 | ||
| 008 | 171101s1995 a|||| |||| 000 0 ben d | ||
| 035 | _a(BD-JhCC)2403 | ||
| 040 |
_aBD-JhCC _dBD-JhCC |
||
| 041 | _aben | ||
| 082 |
_a704 _bSMS 1995 |
||
| 245 |
_aএস এম সুলতান স্মারক গ্রন্থ / _cসৈয়দ মনজুরুল ইসলাম ও সুবীর চৌধুরী [সম্পা।] |
||
| 260 |
_aঢাকা : _bবাংলাদেশ শিল্পকলা একাডেমী, _c1995. |
||
| 300 |
_a320 p.: _bill _c22 cm. |
||
| 650 | _aFine arts | ||
| 650 | _aSM Sultan | ||
| 700 | _aইসলাম, সৈয়দ মনজুরুল | ||
| 700 | _aচৌধুরী, সুবীর | ||
| 942 |
_2ddc _cBK |
||